[Event "10th Norway Chess 2022"]
[Site "Stavanger NOR"]
[Date "2022.06.09"]
[Round "8.1"]
[White "Carlsen,M"]
[Black "Vachier Lagrave,M"]
[Result "1/2-1/2"]
[WhiteElo "2864"]
[BlackElo "2750"]

1.d4 Nf6 2.c4 g6 3.Nc3 d5 4.cxd5 Nxd5 5.e4 Nxc3 6.bxc3 Bg7 7.Bb5+ c6 8.Ba4 b5
9.Bb3 a5 10.Nf3 O-O 11.O-O a4 12.Bc2 c5 13.Rb1 Bg4 14.e5 Nc6 15.Be4 Rc8 16.h3 Bxf3
17.Qxf3 Qd7 18.Bd3 cxd4 19.Bxb5 dxc3 20.Qxc3 Qd5 21.Bxa4 Qxa2 22.Ra1 Nxe5
23.Rxa2 Rxc3 24.Bd2 Rcc8 25.Bb5 Rc5 26.Be2 Nc6 27.Rc1 Rxc1+ 28.Bxc1 Rb8 29.Be3 Bd4
30.Bh6 Bg7 31.Be3 h5 32.g3 e6 33.Kg2 Nb4 34.Rd2 Nd5 35.Rd3 Nxe3+ 36.Rxe3 Bd4
37.Rd3 e5 38.Rd2 Kg7 39.h4 Kh6 40.f4 Be3 41.Rd7 exf4 42.gxf4 f5 43.Kf3 Bc1
44.Bc4 Rc8 45.Bf7 Rc3+ 46.Kg2 Bxf4 47.Bg8 g5 48.Be6 Kg6 49.Rd5 g4 50.Bxf5+ Kf6
51.Bh7 Be5 52.Bg6 g3 53.Ra5 Rc4 54.Ra6+ Kg7 55.Bxh5 Rxh4 56.Rg6+ Kh7 57.Rg5 Rh2+
58.Kf3 Rf2+ 59.Kg4 Bf4 60.Rg6 Rf1 61.Kf5 Bg5+ 62.Ke4 Rf4+ 63.Kd3 Rf5 64.Ke4 Rf4+
65.Kd3 Bh4 66.Re6 g2 67.Rg6 Rf5 68.Rxg2 Rxh5 69.Ke4 Bf6 70.Kf4 Bg7 71.Ke4 Kg8
72.Rg6 Kf7 73.Ra6 Bf6 74.Ra8 Rh4+ 75.Kf5 Rh5+ 76.Ke4 Rb5 77.Kf4 Be5+ 78.Ke4 Bd6
79.Rh8  1/2-1/2

[Event "10th Norway Chess 2022"]
[Site "Stavanger NOR"]
[Date "2022.06.09"]
[Round "8.3"]
[White "Giri,A"]
[Black "Tari,A"]
[Result "1-0"]
[WhiteElo "2761"]
[BlackElo "2654"]

1.Nf3 d5 2.d4 Nf6 3.Bf4 c5 4.e3 Nc6 5.Nbd2 Bg4 6.c3 e6 7.Qb3 Qc8 8.h3 Bh5
9.Be2 Be7 10.dxc5 Bxc5 11.g4 Bg6 12.Nh4 Qd7 13.Nxg6 hxg6 14.g5 Nh5 15.Bh2 a6
16.O-O-O b5 17.Kb1 Bd6 18.Bxd6 Qxd6 19.c4 O-O 20.cxd5 exd5 21.Nf3 Rad8 22.h4 Rfe8
23.Nd4 Ne5 24.Qa3 Qb6 25.b3 Rc8 26.Qb2 Qd6 27.Rc1 Qd7 28.Rxc8 Rxc8 29.Qd2 Ng4
30.Bf1 Qe7 31.Bg2 Qe5 32.a3 Kh7 33.Ka2 f5 34.Bf3 Qd6 35.Bd1 Re8 36.Bf3 Rc8
37.Qe2 Rf8 38.b4 Qe5 39.Qd2 Rc8 40.Nb3 Rc4 41.Rd1 f4 42.exf4 Rxf4 43.Nd4 Qc7
44.Kb1 Qf7 45.Qe2 Nh2 46.Bxh5 gxh5 47.Qd3+ Qg6 48.Ne6 Rxf2 49.Qxg6+ Kxg6
50.Rxd5 Kf7 51.Nc7 Nf3 52.Rd7+ Kg6 53.Ne8 Re2 54.Rxg7+ Kf5 55.Rf7+ Kg4 56.Nf6+ Kxh4
57.g6 Nd2+ 58.Kc1 Ne4 59.Re7 Nc3 60.Rxe2 Nxe2+ 61.Kd2  1-0

[Event "10th Norway Chess 2022"]
[Site "Stavanger NOR"]
[Date "2022.06.09"]
[Round "8.4"]
[White "Anand,V"]
[Black "Mamedyarov,S"]
[Result "0-1"]
[WhiteElo "2751"]
[BlackElo "2759"]

1.e4 e5 2.Nf3 Nf6 3.Nxe5 d6 4.Nf3 Nxe4 5.Bd3 Nf6 6.O-O Be7 7.Re1 O-O 8.Bf1 d5
9.d4 Re8 10.c4 Bg4 11.Nc3 Nc6 12.cxd5 Nxd5 13.h3 Bh5 14.a3 Nxc3 15.bxc3 Bd6
16.Be3 Qf6 17.Bd3 h6 18.g4 Bg6 19.Kg2 Bxd3 20.Qxd3 Ne7 21.Bd2 Ng6 22.Qb5  0-1

[Event "10th Norway Chess 2022"]
[Site "Stavanger NOR"]
[Date "2022.06.09"]
[Round "8.5"]
[White "Radjabov,T"]
[Black "Wang Hao"]
[Result "1/2-1/2"]
[WhiteElo "2753"]
[BlackElo "2744"]

1.e4 e5 2.Nf3 Nf6 3.d4 Nxe4 4.Bd3 Nc6 5.dxe5 Nc5 6.Nc3 Nxd3+ 7.Qxd3 d6 8.Bf4 dxe5
9.Qxd8+ Nxd8 10.Bxe5 Ne6 11.O-O-O Bd7 12.Nd4 Nxd4 13.Rxd4 O-O-O 14.Rhd1 f6
15.Bg3 c6 16.Ra4 a6 17.Rad4 Bc5 18.Ne4 Be7 19.Bd6 Rhe8 20.Bxe7 Rxe7 21.Nc5 b6
22.Nxd7 Rexd7 23.Rxd7 Rxd7 24.Re1 Kc7 25.Re6 Rd6 26.Re7+ Rd7 27.Re6 Rd6 28.Re7+ Rd7
29.Re6  1/2-1/2

[Event "10th Norway Chess 2022"]
[Site "Stavanger NOR"]
[Date "2022.06.10"]
[Round "9.5"]
[White "Tari,A"]
[Black "Anand,V"]
[Result "1/2-1/2"]
[WhiteElo "2654"]
[BlackElo "2751"]

1.e4 e5 2.Nf3 Nc6 3.Bb5 a6 4.Ba4 Nf6 5.O-O Nxe4 6.d4 b5 7.Bb3 d5 8.dxe5 Be6
9.c3 Be7 10.Bc2 Bg4 11.Qe1 Bxf3 12.gxf3 Nc5 13.b4 Na4 14.f4 Qd7 15.Qe2 Nxc3
16.Nxc3 Nd4 17.Qd1 Nxc2 18.Qxc2 Qg4+ 19.Kh1 Qf3+ 20.Kg1 Qg4+ 21.Kh1 Qf3+
22.Kg1  1/2-1/2

[Event "10th Norway Chess 2022"]
[Site "Stavanger NOR"]
[Date "2022.06.10"]
[Round "9.4"]
[White "Vachier Lagrave,M"]
[Black "Giri,A"]
[Result "1/2-1/2"]
[WhiteElo "2750"]
[BlackElo "2761"]

1.e4 c5 2.Nf3 Nc6 3.Bb5 e6 4.O-O Nge7 5.Re1 h6 6.b3 a6 7.Bxc6 Nxc6 8.Bb2 b5
9.Nc3 Be7 10.a4 bxa4 11.Nxa4 O-O 12.d4 cxd4 13.Nxd4 Bb7 14.Nxc6 Bxc6 15.Qd4 Bf6
16.Qd3 Bxb2 17.Nxb2 f5 18.e5 a5 19.Qd2 Qh4 20.f3 Rfb8 21.Qf2 Qb4 22.Nd3 Qc3
23.Qc5 Qxc5+ 24.Nxc5 Kf7 25.Ra2 g5 26.Kf2 Ke7 27.h4 g4 28.Nd3 a4 29.bxa4 Rxa4
30.Rxa4 Bxa4 31.c3 Rc8 32.Rc1 Bb5  1/2-1/2

[Event "10th Norway Chess 2022"]
[Site "Stavanger NOR"]
[Date "2022.06.10"]
[Round "9.3"]
[White "Wang Hao"]
[Black "So,W"]
[Result "1/2-1/2"]
[WhiteElo "2744"]
[BlackElo "2776"]

1.e4 e5 2.Nf3 Nc6 3.Bb5 Nf6 4.O-O Nxe4 5.Re1 Nd6 6.Nxe5 Be7 7.Bf1 Nxe5 8.Rxe5 O-O
9.d4 Bf6 10.Re1 Re8 11.Bf4 Rxe1 12.Qxe1 Ne8 13.c3 d5 14.Bd3 g6 15.Nd2 Ng7
16.Qe2 c6 17.Re1 Bf5 18.Bxf5 Nxf5 19.Nf3 Ng7 20.Be5 Bxe5 21.Nxe5 Qd6 22.Qf3 f6
23.Ng4 Re8 24.Re5 Kf7 25.Nh6+ Kf8 26.Ng4 Kf7 27.Nh6+ Kf8 28.Ng4 Kf7  1/2-1/2

[Event "10th Norway Chess 2022"]
[Site "Stavanger NOR"]
[Date "2022.06.10"]
[Round "9.2"]
[White "Mamedyarov,S"]
[Black "Radjabov,T"]
[Result "1/2-1/2"]
[WhiteElo "2759"]
[BlackElo "2753"]

1.d4 Nf6 2.c4 e6 3.Nf3 d5 4.g3 Bb4+ 5.Bd2 Be7 6.Bg2 O-O 7.O-O c6 8.Qc2 b6
9.Nc3 dxc4 10.e4 Nbd7 11.e5 Nd5 12.Ne4 Ba6 13.Neg5 g6 14.h4 Kg7 15.h5 c3
16.bxc3 Bxf1 17.Bxf1 b5 18.Qe4 Qe8 19.Bd3 Bxg5 20.Nxg5 h6 21.hxg6 fxg6 22.Nf3 N7b6
23.Kg2 h5 24.Rh1 Qf7 25.g4 Nc4 26.Bg5 Nxc3 27.Bf6+ Kg8 28.Qe1 Nd5 29.Ng5 Qd7
30.Bxg6 Nxf6 31.exf6 Rxf6 32.Bh7+ Kg7 33.Rxh5 Raf8 34.f3 Rh8 35.Qc3  1/2-1/2

[Event "10th Norway Chess 2022"]
[Site "Stavanger NOR"]
[Date "2022.06.10"]
[Round "9.1"]
[White "Topalov,V"]
[Black "Carlsen,M"]
[Result "1/2-1/2"]
[WhiteElo "2730"]
[BlackElo "2864"]

1.e4 e5 2.Nf3 Nc6 3.Bc4 Nf6 4.d3 Bc5 5.c3 d6 6.O-O a5 7.Re1 Ba7 8.Nbd2 O-O
9.Nf1 Be6 10.Bxe6 fxe6 11.Be3 Bxe3 12.Rxe3 Qd7 13.Rc1 a4 14.Ng3 Qf7 15.d4 h6
16.Qe2 Ra5 17.h3 Nh5 18.Nxh5 Qxh5 19.Rd1 Qf7 20.a3 exd4 21.cxd4 Ne7 22.g3 Nc8
23.Nh4 Nb6 24.e5 dxe5 25.Rf3 Qe8 26.Rxf8+ Qxf8 27.Ng6 Qe8 28.Nxe5 Rd5 29.Qc2 Qd8
30.Rd3 Rxd4 31.Rxd4 Qxd4 32.Qxc7 Kh7 33.Qc2+ Kg8 34.Qe2 Nd7 35.Nxd7  1/2-1/2